El "48" chileno. Igualitarios, reformistas radicales, masones y bomberos.

Guardat en:
Dades bibliogràfiques
Autor principal: Gazmuri Riveros, Cristián (autor)
Format: Llibre
Idioma:anglès
Publicat: Santiago, Chile: Universitaria; Centro de Investigaciones Diego Barros Arana, 1999.
Edició:Segunda edición.
Col·lecció:Colección Imagen de Chile.
Matèries:
Etiquetes: Afegir etiqueta
Sense etiquetes, Sigues el primer a etiquetar aquest registre!

MARC

LEADER 00000nam a22000007a 4500
003 CL-VaPUC
005 20220822114418.0
008 220214t1999 ||||| |||| 00| 0 eng d
999 |c 434425  |d 434423 
020 |a 956-11-0808-8 
040 |c Pontificia Universidad Católica de Valparaíso 
082 |a 983 GAZ 1999  |2 22 
100 |a Gazmuri Riveros, Cristián  |e autor  |9 617185 
245 |a El "48" chileno.  |b Igualitarios, reformistas radicales, masones y bomberos.  
250 |a Segunda edición.  
260 |a Santiago, Chile:  |b Universitaria;   |b Centro de Investigaciones Diego Barros Arana,   |c 1999. 
300 |a 215 páginas.  
490 |a Colección Imagen de Chile. 
500 |a c.1-2 Donación Familia Prof. Alejandro Guzmán Brito. 
583 |c 20220214  |k Yessy Stephany Diaz Vidal 
650 0 |a Sociedad de la Igualdad   |9 504751  |z Chile 
650 0 |a Chile  |x Historia  |y 1824-1920  |9 866197 
650 0 |a Chile  |x Política y gobierno  |y 1824-1920  |9 866198 
650 0 |a Chile  |x Condiciones sociales  |y Siglo 19  |9 866199 
942 |2 ddc  |c BK  |n 0